1657 1415 1366 1347 1980 1750 1464 1516 1753 1618 1089 1611 1149 1655 1729 1800 1546 1149 1032 1549 1682 1020 1914 1665 1871 1831 1749 1741 1760 1035 1931 1875 1049 1390 1521 1093 1236 1347 1651 1816 1294 1483 1088 1942 1619 1337 1813 1025 1235 1945 1354 1958 1153 1740 1317 1326 1202 1656 1032 1137 1574 1200 1686 1249 1642 1677 1232 1585 1941 1189 1881 1870 1324 1372 1123 1007 1985 1084 1434 1592 1527 1070 1905 1143 1981 1103 1848 1943 1499 1529 1825 1319 1744 1480 1737 1253 1341 1021 1979 BCNSPRNW ULIB Ver.6.0+V

เปลี่ยนเป็นภาษาไทย

Change to English
 แสดงรายละเอียดบรรณานุกรม
  กลับหน้าหลัก

Brief Record : Get Marc (ISO 2709) : E-mail record : QR code < ปิดหน้าต่าง
LEADER : 00000nam 2200000uu 4500
001    13399129077
003     ULIB
008    020711s2566 th a 000 0 tha d
020    ^a9786169423300
060    ^aWB100^bว841C^cล.1
100    ^aวีระเดช พิศประเสริฐ, จันทรภา ศรีสวัสดิ์, ธันยชัย สุระ และวิชัย ประยูรวิวัฒน์, บรรณาธิการ
245    ^aCASE-BASED APPROACHES IN INTERNAL MEDICINE เล่ม 1
250    ^aพิมพ์ครั้งที่ 1
260    ^aกรุงเทพฯ :^bราชวิทยาลัยอายุรแพทย์แห่งประเทศไทย ในพระบรมราชูปถัมภ์,^c2566
300    ^a354 หน้า;^c19 ซม.
650    ^aผู้ป่วย^xการพยาบาล
710    ^aราชวิทยาลัยอายุรแพทย์แห่งประเทศไทย
945    ^p500^l0^i011771
945    ^p500^l0^i011772
999    ^aประนอม เกษจรัล
รายการนี้ยังไม่มีแท็ก
คุณยังไม่ได้ล็อกอิน คุณสามารถมีกิจกรรมร่วมกับเว็บไซต์ได้ แต่ต้องล็อกอินก่อน ::
  ล็อกอิน

รายการสื่อสารสนเทศ

ลำดับที่ ประเภท เลขเรียก/บาร์โค้ด สถานที่ สถานะ
1. วิทยาศาสตร์การแพทย์ และสุขภาพ
หนังสือสำรอง
สถานะ=หนังสือสำรอง
WB100 ว841C ล.1 ฉ.1 
  Barcode: 011771
ห้องสมุดวิทยาเขตสวรรค์ประชารักษ์
►หนังสือทั่วไป
บนชั้น
2. วิทยาศาสตร์การแพทย์ และสุขภาพ
วิทยาศาสตร์การแพทย์ และสุขภาพ
WB100 ว841C ล.1 ฉ.2 
  Barcode: 011772
ห้องสมุดวิทยาเขตสวรรค์ประชารักษ์
►หนังสือทั่วไป
บนชั้น

รายการใกล้เคียง
    ผู้แต่ง [วีระเดช พิศประเสริฐ, จันทรภา ศรีสวัสดิ์, ธันยชัย สุระ และวิชัย ประยูรวิวัฒน์, บรรณาธิการ]

    หัวเรื่อง [ผู้ป่วย การพยาบาล]

BibComment


ยังไม่เคยถูกคอมเมนท์

คอมเมนท์ทรัพยากรรายการนี้
  คอมเมนท์: CASEBASED APPROA..


 Copyright 2026. Bcnsprnw @Library